Every Drake Feature - Statistics

General Stats
  • This quiz has been taken 45 times
  • The average score is 35 of 158
Answer Stats
Year Lead Artist Answer % Correct
2020 Future Life Is Good
69%
Travis Scott Sicko Mode
66%
2016 Rihanna Work
66%
Travis Scott Meltdown
62%
2019 Meek Mill Going Bad
59%
Greece
59%
BlocBoy JB Look Alive
59%
Bad Bunny MIA
59%
Chris Brown No Guidance
59%
Migos Walk It Talk It
59%
Jack Harlow Churchill Downs
55%
Lil Baby Yes Indeed
55%
A$AP Rocky Fuckin' Problems
52%
DJ Khaled I'm on One
52%
I'm On One
52%
Lil Baby/Gunna Never Recover
52%
Kendrick Lamar Poetic Justice
52%
DJ Khaled Popstar
52%
21 Savage/Metro Boomin Mr. Right Now
48%
2022 Gunna P power
48%
Nicki Minaj Only
45%
Majid Jordan Stars Align
45%
Sexxy Red U My Everything
45%
Rihanna What's My Name?
45%
Summer Walker Girls Need Love
41%
Camila Cabello Hot Uptown
41%
Smiley Over The Top
41%
PartyNextDoor Recognize
41%
Uuugly
41%
PartyNextDoor Come and See Me
38%
Future Wait For U
38%
Lil Wayne Love Me
34%
Nicki Minaj Moment 4 Life
34%
Oh U Went
34%
Lil Wayne She Will
34%
Young Stoner Life Solid
34%
Migos Versace (Remix)
34%
BedRock
31%
Migos Having Our Way
31%
Nicki Minaj Needle
31%
Metro Boomin/Offset No Complaints
31%
French Montana No Stylist
31%
Young Thug Parade on Cleveland
31%
Sideways
31%
DJ Khaled Staying Alive
31%
2017 Gucci Mane Both
28%
Young Thug Bubbly
28%
Quavo Flip the Switch
28%
PartyNextDoor Loyal
28%
Beyonce Mine
28%
Rick Ross Stay Schemin'
28%
Truffle Butter
28%
iLoveMakonnen Tuesday
28%
Brent Faiyaz Wasting Time
28%
YG Who Do You Love
28%
J Hus Who Told You
28%
Big Sean Blessings
24%
2015 Roy Woods Drama
24%
DJ Khaled For Free
24%
Rick Ross Gold Roses
24%
Gordo Healing
24%
N.E.R.D./Rihanna Lemon
24%
Lil Yachty/DaBaby Oprah's Bank Account
24%
Meek Mill R.I.C.O.
24%
Nicki Minaj Seeing Green
24%
2012 The Weeknd The Zone
24%
The Game 100
21%
4Batz Act II: Date @ 8
21%
Trippie Redd Betrayal
21%
J. Cole In the Morning
21%
Nicki Minaj No Frauds
21%
Headie One Only You Freestyle
21%
PartyNextDoor Over Here
21%
Young Money Trophies
21%
Alicia Keys Un-Thinkable (I'm Ready)
21%
Swae Lee Won't Be Late
21%
Rick Ross Aston Martin Music
17%
The Weeknd Live For
17%
Timbaland Say Something
17%
Popcaan Twist & Turn
17%
2023 Popcaan We Caa Done
17%
YG Why You Always Hatin?
17%
Yung Bleu You're Mines Still
17%
Majid Jordan My Love
14%
2 Chainz No Lie
14%
No Secret
14%
Jay-Z Off That
14%
Bryson Tiller Outta Time
14%
Lil Wayne Right Above It
14%
2013 Justin Bieber Right Here
14%
2021 Drakeo the Ruler Talk to Me
14%
Future Used to This
14%
Future Where Ya At
14%
Meek Mill Amen
10%
Lil Wayne B.B. King Freestyle
10%
Lil Wayne Believe Me
10%
Nicki Minaj Champion
10%
Wizkid Come Closer
10%
Diced Pineapples
10%
Preme DnF
10%
Young Money EveryGirl in the World
10%
Jamie Foxx Fall for Your Type
10%
I'm Single
10%
Diddy-Dirty Money Loving You No More
10%
Mary J. Blige Mr. Wrong
10%
DJ Khaled No New Friends
10%
French Montana No Shopping
10%
2014 Romeo Santos Odio
10%
French Montana Pop That
10%
Waka Flocka Flame Round of Applause
10%
Mary J. Blige The One
10%
DJ Khaled To the Max
10%
Dave Wanna Know (Remix)
10%
Future/DJ Esco 100it Racks
7%
All I Need
7%
2024 Yeat As We Speak
7%
Gucci Mane Back on Road
7%
2009 Beatchild Bad Meaning Good
7%
2 Chainz Big Amount
7%
2 Chainz Bigger Than You
7%
Justin Timberlake Cabaret
7%
K-OS Faith Part 2
7%
DJ Khaled Fed Up
7%
Gonorrhea
7%
Grindin'
7%
2 Chainz I Do It
7%
Trey Songz I Invented Sex
7%
Page I'm Still Fly
7%
It's Good
7%
Birdman Money to Blow
7%
Future Never Satisfied
7%
Snoop Lion No Guns Allowed
7%
2010 T.I. Poppin Bottles
7%
Bun B Put It Down
7%
OB O'Brien Schemin' Up
7%
L.O.C. Stunt Hard
7%
With You
7%
4 My Town (Play Ball)
3%
2018 Trouble/Mike Will Made It Bring It Back
3%
Tank Celebration
3%
Chris Brown Deuces (Remix)
3%
Jamie Foxx Digital Girl (Remix)
3%
Kevin o Chris Ela E Do Tipo
3%
J.U.S.T.I.C.E. League Empire
3%
Finale
3%
Fuck Da Bullshit
3%
2011 The Game Good Girls Go Bad
3%
Nipsey Hussle Killer
3%
Timbaland Know Bout Me
3%
Mo Milly
3%
Pass the Dutch
3%
Share
3%
Shanell So Good
3%
Tyga Still Got It
3%
Trey Songz Unusual
3%
DJ Drama We in this Bitch 1.5
3%
Fabolous Throw It in the Bag (Remix)
0%
Sbtrkt Wildfire (OVO Remix)
0%
No matching quizzes found
Score Distribution
Percent of People with Each Score
Percentile by Number Answered
Your Score History
You have not taken this quiz